000
00330nam a22001457a 4500
008
210302b ||||| |||| 00| 0 eng d
020
_a
9780072491982
041
_a
eng
080
_2
4th
_a
37
082
_a
37
100
_a
46
101
_a
EDU
245
_a
The Basic a Rhetoric and Handbook
_c
Buscemi, S. V
942
_2
udc
_c
BK
999
_c
55442
_d
55442